| 000 | 00723nam a2200253Ia 4500 | ||
|---|---|---|---|
| 008 | 191130s2008##################000#0#eng## | ||
| 020 | _a9781580422116 | ||
| 022 | _a2007941284 | ||
| 040 |
_aACL _cACL |
||
| 082 | _a795 SMI | ||
| 100 | _aSmith, Shane | ||
| 245 |
_aHow to beat low-limit poker _cShane Smith & Tom McEvoy |
||
| 250 | _a1st ed | ||
| 260 |
_aCambridge _bCardoz Pub _c2008 |
||
| 300 | _a184 p. : ill. ; 22 cm | ||
| 500 | _aIncludes bibliographical references. Includes bibliographical references | ||
| 650 | _aGambling systems | ||
| 650 | _aPoker | ||
| 650 | _aPoker - Tournaments | ||
| 700 | _aMcEvoy, Tom | ||
| 990 | _a87fea206ac10000c7e07449c4c913206 | ||
| 991 | _a326504 | ||
| 999 |
_c207595 _d207595 |
||